| 000 | 00485nam a2200193Ia 4500 | ||
|---|---|---|---|
| 008 | 151121s9999||||xx |||||||||||||| ||und|| | ||
| 082 | _a901।954/MAJ | ||
| 082 | _bHNW-66376 | ||
| 100 | _aMajumdar R।C | ||
| 245 | 4 | _aThe Classical Age-Vol-III | |
| 260 | _bB।V।B।Bombay। | ||
| 260 | _c-- | ||
| 300 | _a758 | ||
| 600 | _aMajumdar R।C | ||
| 630 | _aThe Classical Age-Vol-III | ||
| 700 | _aMajumdar R।C | ||
| 730 | _aThe Classical Age-Vol-III | ||
| 942 | _cBOOK | ||
| 999 |
_c1247873 _d1247870 |
||